banner koha

Avaliação da atividade antibacteriana do óleo essencial de Lippia origanoides frente à Staphylococcus sp. isolados de alimentos de origem animal (Registro n. 299730)

MARC details
000 -LÍDER
fixed length control field 04337nab a2200325 i 4500
003 - CÓDIGO MARC DA AGÊNCIA CATALOGADORA
Campo de controle BR-BrBNA
005 - DATA E HORA DA ÚLTIMA ATUALIZAÇÃO
Campo de controle 20240523102734.0
008 - CAMPO DE TAMANHO FIXO
fixed length control field 240523b2019 bl.qr|pooa||| 00| 0 por |
040 ## - FONTE DA CATALOGAÇÃO
Agência catalogadora BR-BrBNA
Idioma da catalogação por
072 ## - CATEGORIA AGRIS
Código AGRIS F60
100 ## - ENTRADA PRINCIPAL - NOME PESSOAL
Nome pessoal Queiroz, M.R.A.
100 ## - ENTRADA PRINCIPAL - NOME PESSOAL
Nome pessoal Almeida, A.C.
100 ## - ENTRADA PRINCIPAL - NOME PESSOAL
Nome pessoal Andrade, V.A.
100 ## - ENTRADA PRINCIPAL - NOME PESSOAL
Nome pessoal Lima, T.S.
100 ## - ENTRADA PRINCIPAL - NOME PESSOAL
Nome pessoal Martins, E.R.
100 ## - ENTRADA PRINCIPAL - NOME PESSOAL
Nome pessoal Figueiredo, L.S.
100 ## - ENTRADA PRINCIPAL - NOME PESSOAL
Nome pessoal Careli, R.T.
245 ## - TÍTULO PRINCIPAL
Título principal Avaliação da atividade antibacteriana do óleo essencial de Lippia origanoides frente à Staphylococcus sp. isolados de alimentos de origem animal
500 ## - NOTA GERAL
Nota geral Publicação on-line; 30 ref.; 3 illus.; Summaries (En, Pt)
942 ## - ADDED ENTRY ELEMENTS (KOHA)
Koha item type
520 ## - NOTA DE RESUMO
Nota de conteúdo <br/><br/>RESUMO: <br/><br/>Objetivou-se no trabalho avaliar a ação antibacteriana do óleo essencial de Lippia<br/>origanoides frente à isolados de Staphylococcus sp. de alimentos de origem animal. Para<br/>tanto, realizou-se análise química da composição do óleo, teste de sensibilidade das bactérias<br/>frente a dez antibióticos de uso terapêutico e ao óleo essencial de Lippia origanoides, além da<br/>determinação da concentração inibitória mínima (CIM) e da concentração bactericida mínima<br/>(CBM). A análise cromatográfica do óleo apresentou o timol como composto majoritário<br/>(48,70%), além de pequena quantidade de carvacrol (1,14%). No teste de sensibilidade frente<br/>aos antibióticos, 75% dos isolados apresentaram resistência a, no mínimo, três antibióticos.<br/>Em relação ao óleo essencial, os isolados de Staphylococcus sp oriundos de leite bovino<br/>mostraram-se mais resistentes e os isolados de carne ovina apresentaram-se mais sensíveis.<br/>A CIM foi maior para os Staphylococcus sp. isolados de leite bovino e leite ovino (60µL/mL).<br/>Enquanto que para os isolados de carcaça de ovinos e queijo, a CIM foi de 15µL/mL e 30µL/<br/>mL respectivamente. A CBM, consequentemente, foi maior para os isolados de leite bovino<br/>e leite ovino, sendo de 240µL/mL e 120µL/mL respectivamente. O óleo essencial de Lippia<br/>origanoides apresenta atividade antimicrobiana sobre Staphylococcus sp. isolados de alimentos.<br/><br/>Palavras chave: sensibilidade, antibióticos, alecrim pimenta
520 ## - NOTA DE RESUMO
Nota de conteúdo <br/><br/>ABSTRACT: <br/><br/>Assessment of the antibacterial activity of the essential oil of Lippia<br/>origanoides in relation to Staphylococcus sp. isolated from food of animal origin. The aim<br/>of this study was to evaluate the antibacterial activity of the essential oil of Lippia origanoides in<br/>relation to Staphylococcus sp. isolated from food of animal origin. For this purpose, we performed<br/>the chemical analysis to determine the oil composition, evaluated the bacteria sensibility to ten<br/>antibiotics of therapeutic use and determined the minimum inhibitory concentration (MIC) and<br/>minimum bactericidal concentration (MBC). The chromatographic analysis showed that tymol<br/>was the main compound (48.70%) and that carvacrol was present in a small amount (1.14%). In<br/>the test of antibiotic susceptibility, 75% of the microorganism isolates were resistant to at least<br/>three of the ten antibiotics tested. The Staphylococcus sp isolated from bovine milk was more<br/>resistant to the essential oil of Lippia origanoides, and the microorganism isolated from sheep<br/>meat was more susceptible to this oil. The Staphylococcus sp. isolated from bovine or sheep<br/>milk showed a MIC of 60µL/mL and for those isolated from sheep carcass and cheese the MIC<br/>was 15µL/mL and 30µL/mL, respectively. Consequently, the MBC was higher for isolates from<br/>cow’s (240µL/mL) and sheep’s milk (120µL/mL) when compared with other food sources. These<br/>results suggest that the essential oil of Lippia origanoides has antimicrobial activity against<br/>staphylococcus sp. isolated from food.<br/><br/>Keywords: sensitivity, antibiotics, Lippia origanoides.<br/>
650 ## - ASSUNTO - THESAGRO
Cabeçalho tópico ou nome geográfico ANTIBIÓTICO
650 ## - ASSUNTO - THESAGRO
Cabeçalho tópico ou nome geográfico ALECRIM
650 ## - ASSUNTO - THESAGRO
Cabeçalho tópico ou nome geográfico ÓLEO ESSENCIAL
650 ## - ASSUNTO - THESAGRO
Cabeçalho tópico ou nome geográfico PLANTA MEDICINAL
773 0# - ENTRADA ANALÍTICA
Host Biblionumber 3543
Registro do item 315366
Imprenta Botucatu-SP Instituto de Biociências - Departamento de Química e Bioquímica 1998
Outro identificador 2024-1617
Título Revista Brasileira de Plantas Medicinais (Brazil)
ISSN 1516-0572
Colação v. 16(3 suppl. 1) p. 737-743; (2014)
Número de controle de registro BR2024000799
856 ## - ACESSO E ENDEREÇO ELETRÔNICO
Identificador uniforme de recurso - URI https://www.scielo.br/j/rbpm/a/85dVwq9xd5TSN4WbxBLbXgs/?format=pdf&lang=pt

Nenhum exemplar disponível.

BINAGRI

Telefone: (61)3218-2567/2388/3357/2097 - binagri@agro.gov.br

Ministério da Agricultura e Pecuária , Esplanada dos Ministérios, Bloco D, Anexo B, Brasília/DF, CEP: 70.043-900